Statistiken für Städte und Gemeinden im Landkreis Wittmund mit Karte

Klicken Sie hier um das Quiz zu spielen!

Allgemein

  • Dieses Quiz wurde 88 mal gespielt
  • Das Durchschnittsergebnis liegt bei 7 aus 19

Antworten auf der Karte

Die Antworten werden auf der Karte rot bzw. grün angezeigt, abhängig davon wie oft sie richtig erraten wurden.
 

Antwortstatistiken

Städte und Gemeinden% Korrekt
Wittmund
100%
Esens
87%
Langeoog
70%
Spiekeroog
70%
Neuharlingersiel
63%
Friedeburg
47%
Werdum
37%
Blomberg
27%
Dunum
27%
Holtgast
27%
Stedesdorf
27%
Westerholt
23%
Eversmeer
20%
Neuschoo
20%
Ochtersum
20%
Utarp
20%
Moorweg
17%
Nenndorf
17%
Schweindorf
17%

Verteilung der Resultate

Perzentil nach korrekt beantworteten Fragen

Anzahl Personen mit jedem Resultat

Ihre Resultats-Entwicklung

Sie haben dieses Quiz noch nicht gespielt